The dreamer / Pam Muñoz Ryan and Peter Sís.
A fictionalized account of the Nobel Prize-winning Chilean poet Pablo Neruda (Neftalí), who grew up a painfully shy child in the rainforests of Chile, ridiculed by his overbearing father, but who became one of the most widely-read poets in the world.
Record details
- ISBN: 9780545223393
- ISBN: 0545223393
- Physical Description: 4 audio discs (5 hr., 26 min.) : digital ; 4 3/4 in. + 1 videodisc
- Publisher: New York : Scholastic Audiobooks, ℗2010.
Content descriptions
| General Note: | Unabridged. Title from container. Compact disc. Bonus DVD with artwork by Perter Sís & bonus tracks by Pam Muñoz Ryan! |
| Creation/Production Credits Note: | Producer, Paul Ruben ; video, Paul R. Gagne. |
| Participant or Performer Note: | Read by Tony Chiroldes. |
| Study Program Information Note: | Accelerated Reader AR MG 4.6 4.0 136779. Reading Counts RC 6-8 3.7 9 Quiz: 47797. |
| Awards Note: | Pura Belpre Award, Author Award Winner, 2011 |
Search for related items by subject
| Genre: | Audiobooks. Children's audiobooks. |
| LDR | 02264cim a2200517Ia 4500 | ||
|---|---|---|---|
| 001 | 149591 | ||
| 003 | CONS | ||
| 005 | 20190205120751.0 | ||
| 008 | 100520s2010 nyunnnnj f n eng d | ||
| 006 | a 000 0 | ||
| 007 | sd fsngnnmmneu | ||
| 020 | . | ‡a9780545223393 | |
| 020 | . | ‡a0545223393 | |
| 028 | 0 | 2. | ‡a5-22339-3 ‡bScholastic Audiobooks |
| 035 | . | ‡a(CPomAG)LMN610079 | |
| 043 | . | ‡as-cl--- | |
| 050 | 4. | ‡aPZ7.R9553 ‡bDr 2010ab | |
| 082 | 0 | 4. | ‡a813.54 ‡a[Fic] ‡222 |
| 100 | 1 | . | ‡aRyan, Pam Muñoz. |
| 245 | 1 | 4. | ‡aThe dreamer / ‡cPam Muñoz Ryan and Peter Sís. |
| 260 | . | ‡aNew York : ‡bScholastic Audiobooks, ‡c℗2010. | |
| 300 | . | ‡a4 audio discs (5 hr., 26 min.) : ‡bdigital ; ‡c4 3/4 in. + ‡e1 videodisc | |
| 336 | . | ‡aspoken word ‡bspw ‡2rdacontent | |
| 337 | . | ‡aaudio ‡bs ‡2rdamedia | |
| 338 | . | ‡aaudio disc ‡bsd ‡2rdacarrier | |
| 500 | . | ‡aUnabridged. | |
| 500 | . | ‡aTitle from container. | |
| 511 | 0 | . | ‡aRead by Tony Chiroldes. |
| 500 | . | ‡aCompact disc. | |
| 500 | . | ‡aBonus DVD with artwork by Perter Sís & bonus tracks by Pam Muñoz Ryan! | |
| 520 | . | ‡aA fictionalized account of the Nobel Prize-winning Chilean poet Pablo Neruda (Neftalí), who grew up a painfully shy child in the rainforests of Chile, ridiculed by his overbearing father, but who became one of the most widely-read poets in the world. | |
| 508 | . | ‡aProducer, Paul Ruben ; video, Paul R. Gagne. | |
| 526 | 0 | . | ‡aAccelerated Reader AR ‡bMG ‡c4.6 ‡d4.0 ‡z136779. |
| 526 | 0 | . | ‡aReading Counts RC ‡b6-8 ‡c3.7 ‡d9 ‡zQuiz: 47797. |
| 586 | . | ‡aPura Belpre Award, Author Award Winner, 2011 | |
| 600 | 1 | 0. | ‡aNeruda, Pablo, ‡d1904-1973 ‡xChildhood and youth ‡vFiction ‡vJuvenile sound recordings. |
| 651 | 0. | ‡aChile ‡y20th century ‡vFiction ‡vJuvenile sound recordings. | |
| 650 | 0. | ‡aImagination in children ‡vFiction ‡vJuvenile sound recordings. | |
| 650 | 0. | ‡aRain forests ‡zChile ‡vFiction ‡vJuvenile sound recordings. | |
| 650 | 0. | ‡aPoets, Chilean ‡vFiction ‡vJuvenile sound recordings. | |
| 655 | 7. | ‡aAudiobooks. | |
| 655 | 7. | ‡aChildren's audiobooks. ‡2lcgft | |
| 700 | 1 | . | ‡aSís, Peter, ‡d1949- |
| 700 | 1 | . | ‡aChiroldes, Tony. ‡4nrt |
| 959 | . | ‡i32269001085821 ‡lJF BK/CD Rya ‡aJuvenile - Audiobook ‡tAudiobook ‡g35.00 | |
| 852 | . | ‡p32269001085821 ‡jJF BK/CD Rya ‡gJuvenile - Audiobook ‡cAudiobook ‡y35.00 ‡bSBPL | |
| 901 | . | ‡a149591 ‡bUnknown ‡c149591 ‡tbiblio | |